| 000 | 00726nam a2200229Ii 4500 | ||
|---|---|---|---|
| 003 | JO-AjNU | ||
| 005 | 20240629131746.0 | ||
| 008 | 230605s9999||||xx |||||||||||||| ||und|| | ||
| 040 |
_aJO-AjNU _bara _erda _cJO-AjNU |
||
| 041 | _aara | ||
| 050 | 1 | 4 | _aBP189.I5212 2006 |
| 100 | 3 |
_aخان، حضرة عنايت ؛ ترجمة: ابراهيم استنبولي, _eauthor _924207 |
|
| 245 | 0 | 0 | _aتعاليم المتصوفين |
| 250 | _aط1 | ||
| 264 | 3 | 1 | _aدمشق: دار الفرقد للطباعة والنشر والتوزيع، 2006 |
| 300 | _a303ص | ||
| 336 |
_atext _btxt _2rdacontent |
||
| 337 |
_aunmediated _bn _2rdamedia |
||
| 338 |
_avolume _bnc _2rdacarrier |
||
| 650 | 4 |
_aالتصوف _924208 |
|
| 942 |
_2lcc _cBK |
||
| 999 |
_c12444 _d12444 |
||